Normal view
MARC view
Entry Personal Name
001 - CONTROL NUMBER
- control field: 32928
003 - CONTROL NUMBER IDENTIFIER
- control field: OSt
005 - DATE AND TIME OF LATEST TRANSACTION
- control field: 20260703124202.0
008 - FIXED-LENGTH DATA ELEMENTS
- fixed length control field: 260703|| aca||aabn | a|a d
040 ## - CATALOGING SOURCE
- Original cataloging agency: OSt
- Transcribing agency: OSt
100 ## - HEADING--PERSONAL NAME
- Personal name: Arterburn Stephen & Fred Stoeker
670 ## - SOURCE DATA FOUND
- Source citation: Work cat.: (OSt)26076: Arterburn Stephen & Fred Stoeker., Everyman's Battle, 1982
